| 000 | 00481nam a2200157Ia 4500 | ||
|---|---|---|---|
| 008 | 230917s9999||||xx |||||||||||||| ||und|| | ||
| 020 | _c₹ 225.00 | ||
| 040 |
_e5016799 _aMAIN |
||
| 041 | _aEnglish | ||
| 082 | _a891.431731 CR392B | ||
| 100 | _aचांदना, रूप नारायण | ||
| 245 | 0 | _aबूंदे शबनम की | |
| 260 |
_aकरनाल _bरूप नारायण चांदना 'रूप' _c2020 |
||
| 300 | _a128 p. | ||
| 942 | _cBK | ||
| 999 |
_c10892 _d10892 |
||